A részvénytársaság gépésze altiszt, tehát illetményei után a nyugtailleték lerovandó

Elmentve itt :
Bibliográfiai részletek
Dokumentumtípus: Cikk
Megjelent: 1930
Sorozat:Polgári jog : a hazai és külföldi magánjog és hiteljog szemléje 6
Kulcsszavak:Társasági jog illetményszabályozás altiszt
Online Access:http://misc.bibl.u-szeged.hu/5753
LEADER 00644nab a2200157 i 4500
001 misc5753
005 20191106142624.0
008 170607s1930 hu o 0|| hun d
040 |a SZTE Miscellanea Repozitórium  |b hun 
041 |a hun 
245 0 2 |a A részvénytársaság gépésze altiszt, tehát illetményei után a nyugtailleték lerovandó  |h [elektronikus dokumentum] 
260 |c 1930 
300 |a 165-166b 
490 0 |a Polgári jog : a hazai és külföldi magánjog és hiteljog szemléje  |v 6 
695 |a Társasági jog illetményszabályozás altiszt 
856 4 0 |u http://misc.bibl.u-szeged.hu/5753/1/polgari_jog_1930_165-166b.pdf  |z Dokumentum-elérés